| 000 | 01295nam a2200337 a 4500 | ||
|---|---|---|---|
| 001 | 000113663 | ||
| 003 | CHAP | ||
| 005 | 20220329144407.0 | ||
| 008 | 170905s2017 mx a fsm |||||||spa d | ||
| 010 | _a110124 | ||
| 011 | _a111096 | ||
| 040 | _cCHAP | ||
| 090 | _aTesis | ||
| 100 | 1 |
_aMendoza Cruz, Carlos Raul _9133198 |
|
| 245 | 1 | 3 |
_aLa indicación geográfica y denominación de origen como ventajas competitivas del vino francés, y su aplicación en México / _h[En línea] _cpor Carlos Raul Mendoza Cruz. |
| 260 |
_aChapingo, Méx. : _bEl autor, _c2017. |
||
| 500 | _aPara ver el contenido del material haga clic en la liga | ||
| 502 | _aTesis (Lic. en Comercio Internacional) -- UACH. División de Ciencias Económico Administrativas | ||
| 590 |
_aE11695DGD _b10 _c20170906 _lUCH01 _h1202 |
||
| 590 |
_aE6096MTM _b05 _c20170905 _lUCH01 _h1421 |
||
| 590 |
_aE6096MTM _b05 _c20170905 _lUCH01 _h1422 |
||
| 590 |
_aE6096MTM _b05 _c20170906 _lUCH01 _h1103 |
||
| 650 | 1 | 4 |
_aVino _xConsumo _zMéxico. _9133213 |
| 650 | 1 | 4 |
_aVino _xElaboración _xMéxico. _9119870 |
| 650 | 1 | 4 |
_aVino _xElaboración _zFrancia. _9133214 |
| 650 | 1 | 4 |
_aVino _xNormas de calidad. _9119875 |
| 856 |
_aFinding aid _uhttp://10.13.5.2/tesis/sist113663.pdf _zTeclea aquí |
||
| 901 | _aBK | ||
| 942 | _cTESIS | ||
| 942 | _n0 | ||
| 999 |
_c110124 _d110124 |
||